00628nam a22002057a 4500003001100000005001700011008004100028020001500069040003900084041000800123082001500131100002400146245002300170260005300193650004000246650002400286942000700310952009000317999001500407LK-CoMWRAF20230923092234.0230923b1999 |||||||| |||| 00| 0 eng d a1891229044 aLK-CoMWRAFdLK-CoMWRAFeLK-CoMWRAF aeng a297.6bALJ aAl-Jibaly, Muhammad aLife in al-Barzakh aTexas :bAl-kitaab & as-sunnah publishing,c1999 aDeath -- Religious aspects -- Islam aFuture life (Islam) cBK 00104070aMAINbMAINd2023-09-23l0o297.6 ALJpRAF1316r2023-09-23w2023-09-23yBK c3630d3630